000
00192nam a2200085Ia 4500
008
170620s9999 xx 000 0 und d
100
_a
KAILASH -RAJ
245
0
_a
LEGAL ETHICS
260
_b
ALLAHABAD : C L P
260
_c
2008
999
_c
29473
_d
29473